Štátna kontrola vnútorného trhu vo veciach ochrany spotrebiteľa

Dňa 1. apríla 2002 nadobudol účinnosť zákon č. 128/2002 Z.z. o štátnej kontrole vnútorného trhu vo veciach ochrany spotrebiteľa a o zmene a doplnení niektorých zákonov. Účel a predmet úpravy uvedeného zákona.

Gespeichert in:
Bibliographische Detailangaben
1. Verfasser: Ličko, Tibor
Format: Buchkapitel
Sprache:Slowakisch
Schlagworte:
Tags: Tag hinzufügen
Keine Tags, Fügen Sie das erste Tag hinzu!

MARC

LEADER 00000naa a2200000 4500
001 r047367
005 20230919120938.2
041 0 |a slo 
044 |a SK 
245 1 0 |a Štátna kontrola vnútorného trhu vo veciach ochrany spotrebiteľa  |c Tibor Ličko 
520 |a Dňa 1. apríla 2002 nadobudol účinnosť zákon č. 128/2002 Z.z. o štátnej kontrole vnútorného trhu vo veciach ochrany spotrebiteľa a o zmene a doplnení niektorých zákonov. Účel a predmet úpravy uvedeného zákona. 
610 2 0 |a ochrana spotrebiteľa 
610 2 0 |a právo obchodné 
610 2 0 |a kontrola štátna 
610 2 0 |a trh vnútorný 
610 2 0 |a zákony 
610 2 0 |a Slovensko 
100 1 |a Ličko, Tibor